000 01132pam a2200301 a 4500
001 2454548
003 ARRUPE
005 20141015020007.0
008 890707s1990 cou b 001 0 eng
010 _a 89037511
020 _a0813305705 (alk. paper) :
_c$32.50
020 _a0813305713 (pbk. : alk. paper) :
_c$15.95
040 _aDLC
_cDLC
_dDLC
050 0 0 _aBD161
_b.L368 1990
082 0 0 _a121
_220
100 1 _aLehrer, Keith.
_911310
245 1 0 _aTheory of knowledge /
_cKeith Lehrer.
260 _aBoulder :
_bWestview Press,
_c1990.
300 _axii, 212 p. ;
_c24 cm.
440 0 _aDimensions of philosophy series
_97977
504 _aIncludes bibliographical references (p. 197-206) and index.
650 0 _aKnowledge, Theory of.
_911311
856 4 2 _3Contributor biographical information
_uhttp://www.loc.gov/catdir/enhancements/fy0832/89037511-b.html
856 4 2 _3Publisher description
_uhttp://www.loc.gov/catdir/enhancements/fy0832/89037511-d.html
906 _a7
_bcbc
_corignew
_d1
_eocip
_f19
_gy-gencatlg
942 _2lcc
_cMONOGRAPH
_01
999 _c120851
_d120851